| 000 | 00867nam a2200181 a 4500 | ||
|---|---|---|---|
| 001 | 000045511 | ||
| 005 | 20201002052305.0 | ||
| 008 | 150413s2001 dr a 000 0 spa d | ||
| 040 |
_aDO-SdBNP _bspa _cBNPHU |
||
| 082 |
_axxxx _bxxxx |
||
| 100 | 1 |
_aEncarnación, Juana María, _d1962- _973562 |
|
| 245 | 1 | 0 |
_aAccidentes escolares : _bcasos acciones y soluciones / _cJuana María Encarnación C. |
| 260 |
_aSanto Domingo : _bImpresora Metropolitana, _c2001. |
||
| 300 |
_a73 p. : _bil. ; _c21 cm. |
||
| 500 | _aIncluye datos biográficos del autor en la solapa de la contracubierta. | ||
| 504 | _aBibliografía : p. 72-73 | ||
| 505 | 0 |
_aComportamiento agresivo -- _tConflictos en el medio educativo -- _tAlternativas de solución - _tEl transporte escolar - _tLa medicina y el magisterio - _tLos primeros auxilios - _tEl botiquín escolar -- _tAccidente ocurridos en la escuela -- |
|
| 999 |
_c45000 _d45000 |
||